000 01410nam a22003497a 4500
003 CHAP
005 20220329143433.0
008 090818s2009 mx r 00010 spa d
010 _a96593
011 _a97565
035 _a108233
040 _cCHAP
090 _aTesis
100 1 _aLeyva Nájera, Saúl.
_966582
245 1 0 _aRentabilidad y ventajas comparativas de la producción de frijol pinto saltillo en el Distrito de Desarrollo Rural 03 Guadalupe Victoria, en el Estado de Durango
_c/por Saúl Leyva Nájera
260 _aChapingo, Méx. :
_bEl autor,
_c2009
300 _axi, 104 h. :
_bcuadros, gráfs. , mapas
502 _aTesis (M.C.en Economía Agrícola y de los Recursos Naturales) -- UACH. División de Ciencias Económico- Administrativas
590 _aALEPH
_b10
_c20130110
_lUCH01
_h1529
590 _aBATCH-UPD
_b10
_c20130110
_lUCH01
_h1650
590 _aBATCH-UPD
_b10
_c20130410
_lUCH01
_h1039
590 _aBATCH-UPD
_b10
_c20130914
_lUCH01
_h1438
590 _aCONVERSION
_b10
_c20130109
_lUCH01
_h1353
650 1 4 _aFrijol
_xAspectos económicos
_xDurango.
_943331
650 1 4 _aFrijol
_xDurango.
_943360
650 1 4 _aFrijol
_xMétodos estadísticos.
_943407
901 _aBK
911 _aen proceso
942 _cFOLL
949 _aTesis
_bBC
_cTES
_d33724002107488
_eTS1
_gDonaciØn
_h49432
_i108233
_sb
949 _aTesis
_bBC
_cTES
_d33724002107520
_eTS2
_fc.2
_gDonaciØn
_h49433
_i108233
_sb
999 _c96593
_d96593